Statistiques concernant Intercommunalités de la Savoie

Cliquez ici pour prendre le quiz!

Statistiques générales

  • Ce quiz a été pris 15 fois
  • Le résultat moyen est 8 sur 17

Statistiques - réponses

Nombres de CommunesIntercommunalités% Correct
28Communauté d'agglomération Grand Lac
100%
38Grand Chambéry
100%
39Communauté d'agglomération Arlysère
93%
14Communauté de communes Cœur de Maurienne Arvan
87%
06Communauté de communes Cœur de Tarentaise
80%
41Communauté de communes Cœur de Savoie
60%
10Communauté de communes Haute Maurienne Vanoise
60%
04Communauté de communes Les Versants d'Aime
60%
13Communauté de communes de Yenne
40%
06Communauté de communes Maurienne-Galibier
40%
10Communauté de communes du Lac d'Aiguebelette
33%
12Communauté de communes du Canton de La Chambre
27%
11Communauté de communes Porte de Maurienne
27%
11Communauté de communes Val Guiers
13%
09Communauté de communes Val Vanoise
13%
08Communauté de communes de Haute-Tarentaise
7%
03Communauté de communes des Vallées d'Aigueblanche
7%

Distribution des résultats

Percentile par nombre de réponses

% des personnes avec chaque résultat

Votre développement - résultats

Vous n’avez pas pris ce quiz